| 000 | 00572nam a2200241Ia 4500 | ||
|---|---|---|---|
| 003 | OSt | ||
| 005 | 20230503115946.0 | ||
| 008 | 210423s2009 xx 000 0 und d | ||
| 020 | _a8187125969 | ||
| 040 | _cAL | ||
| 041 | _aeng | ||
| 082 |
_a332.1 JHIM _223 |
||
| 100 |
_aJHINGAN (M L) _983294 |
||
| 245 | _aMonetary economics | ||
| 250 | _a6 | ||
| 260 |
_aDelhi _bVrinda Publications Ltd _c2009 |
||
| 300 |
_axv,718 _bPB |
||
| 365 |
_b250 _cINR |
||
| 650 |
_aBanking _983295 |
||
| 650 |
_aEconomics _983296 |
||
| 906 | _aeconomics ; Monetary | ||
| 942 |
_2ddc _cBK |
||
| 999 |
_c158741 _d158741 |
||